1125 1565 1355 1399 1571 1111 1243 1777 1049 1126 1871 1525 1208 1450 1102 1673 1773 1690 1964 1407 1432 1171 1362 1583 1763 1686 1097 1847 1093 1201 1370 1423 1113 1270 1201 1612 1194 1309 1732 1969 1602 1127 1866 1003 1270 1154 1080 1784 1690 1270 1730 1525 1664 1481 1727 1890 1103 1027 1991 1927 1237 1902 1659 1510 1739 1240 1662 1392 1599 1722 1322 1655 1629 1393 1714 1881 1401 1268 1468 1408 1558 1675 1413 1545 1941 1338 1879 1688 1676 1126 1401 1341 1790 1863 1387 1464 1918 1165 1207 BCNSPRNW ULIB Ver.6.0+V

เปลี่ยนเป็นภาษาไทย

Change to English
 แสดงรายละเอียดบรรณานุกรม
  กลับหน้าหลัก

Brief Record : Get Marc (ISO 2709) : E-mail record : QR code < ปิดหน้าต่าง
LEADER : 00000nam 2200000uu 4500
001    13399120136
003     ULIB
008    120905s2551||||th 000 0 tha d
020    ^a9789741688272
060 04 ^aWQ300^bด153ค
100 0  ^aดวงกมล ปิ่นเฉลี่ยว
245 10 ^aคู่มือการเรียนรู้ด้วยตนเองเรื่องการคลอดก่อนกำหนด /^cดวงกมล ปิ่นเฉลียว
250    ^aพิมพ์ครั้งที่ 1
260    ^aนนทบุรี :^bโครงการสวัสดิการวิชาการ สถาบันพระบรมราชชนก,^c2551
300    ^a49 หน้า ;^c21 ซม.
650  7 ^aการคลอดก่อนกำหนด
650  7 ^aการเรียนรู้ด้วยตนเอง
710 2  ^aสถาบันพระบรมราชชนก. ^bโครงการสวัสดิการวิชาการ
945    ^p110^l0^i19475
945    ^p110^l0^i19476
945    ^p110^l0^i15673
945    ^p110^l0^i15672
945    ^p110^l0^i15671
995    ^aวิภา
999 ^a ใช้งานได้ทุกระบบ
รายการนี้ยังไม่มีแท็ก
คุณยังไม่ได้ล็อกอิน คุณสามารถมีกิจกรรมร่วมกับเว็บไซต์ได้ แต่ต้องล็อกอินก่อน ::
  ล็อกอิน

รายการสื่อสารสนเทศ

ลำดับที่ ประเภท เลขเรียก/บาร์โค้ด สถานที่ สถานะ
1. วิทยาศาสตร์การแพทย์ และสุขภาพ
วิทยาศาสตร์การแพทย์ และสุขภาพ
WQ300 ด153ค  
  Barcode: 15671
ห้องสมุดวิทยาเขตสวรรค์ประชารักษ์
►ส่วนจัดเก็บหนังสือเก่า สปร
บนชั้น
  ขอยืม
2. วิทยาศาสตร์การแพทย์ และสุขภาพ
วิทยาศาสตร์การแพทย์ และสุขภาพ
WQ300 ด153ค ฉ.3 
  Barcode: 15673
ห้องสมุดวิทยาเขตสวรรค์ประชารักษ์
►ส่วนจัดเก็บหนังสือเก่า สปร
บนชั้น
  ขอยืม

รายการใกล้เคียง
    หัวเรื่อง [การคลอดก่อนกำหนด]
    หัวเรื่อง [การเรียนรู้ด้วยตนเอง]

BibComment


ยังไม่เคยถูกคอมเมนท์

คอมเมนท์ทรัพยากรรายการนี้
  คอมเมนท์: คู่มือการเรียนรู..


 Copyright 2026. Bcnsprnw @Library